Meditatiion through Parables/ (Record no. 37146)

MARC details
000 -LEADER
fixed length control field 00505nam a22001577a 4500
005 - DATE AND TIME OF LATEST TRANSACTION
control field 2010072104324.0
020 ## - INTERNATIONAL STANDARD BOOK NUMBER
International Standard Book Number 9788189107734
Terms of availability 195.00
037 ## - SOURCE OF ACQUISITION
Stock number DBAD / PUB
100 ## - MAIN ENTRY--PERSONAL NAME
Personal name Anubhabananda, Swami
245 ## - TITLE STATEMENT
Title Meditatiion through Parables/
Statement of responsibility, etc by Swami Anubhavananda
260 ## - PUBLICATION, DISTRIBUTION, ETC. (IMPRINT)
Place of publication, distribution, etc Bhopal
Name of publisher, distributor, etc Indra Publishing House
Date of publication, distribution, etc 2010
300 ## - PHYSICAL DESCRIPTION
Extent 220p
Dimensions 22cm (pbk)
600 ## - SUBJECT ADDED ENTRY--PERSONAL NAME
Personal name Maunananda, Swami
942 ## - ADDED ENTRY ELEMENTS (KOHA)
Source of classification or shelving scheme Dewey Decimal Classification
Item type English Books
Call number suffix ANU
Holdings
Withdrawn status Lost status Not for loan Home library Current library Date acquired Source of acquisition Cost, normal purchase price Full call number Copy number Koha item type
      D.B.Act.Division D.B.Act.Division 21/07/2010 DBAD / PUB 195.00 ANU 1 English Books

© Delhi Public Library
Hit Counter
free hit counter